Elektronik müziğin öncüsü Bülent Arel (Record no. 4823)

MARC details
000 -BAŞLIK
Sabit Uzunlukta Kontrol Alanı 00808na a2200289 4500
001 - KONTROL NUMARASI
Denetim Alanı 15010
003 - KONTROL NUMARASI IDENTIFIER
Denetim Alanı MIRAKIL
005 - SON İŞLEM TARİHİ VE ZAMANI
Denetim Alanı 20181213155019.0
008 - SABİT-BOY VERİ ELEMANLARI - GENEL BİLGİLER
Sabit Uzunlukta Kontrol Alanı 161025b tu 000 0
020 ## - ULUSLARARASI STANDART KİTAP NUMARASI
Uluslararası Standart Kitap Numarası 9754583889
035 ## - SİSTEM KONTROL NUMARASI
Sistem Kontrol Numarası 15010
040 ## - KATALOGLAMA KAYNAK
Orijinal Kataloglama Ajansı Milas
Kataloglama Dili tur
Metne Dönüştürmek Ajansı TR-AnCHP
041 ## - DİL KODU
Metin / Ses Parça Veya Ayrı Başlığın Dil Kodu tur
082 ## - DEWEY ONLU SINIFLANDIRMA NUMARASI
Sınıflandırma Numarası 927.8 Arel,B.
Ürün Numarası A45e 2002
090 ## - SINIFLAMA NUMARASI
Sınıflama Numarası 927.8 Arel,B. A45e 2002
100 ## - ANA GİRİŞ - KİŞİSEL İSİM
Kişisel Ad Ali, Filiz
245 ## - BAŞLIK TABLOSU
Başlık Elektronik müziğin öncüsü Bülent Arel
Sorumluluk Tablosu, Vb Filiz Ali
260 ## - YAYIN, DAĞITIM, VB
Yayın, Dağıtım, Vb Yeri İstanbul
Yayıncı, Dağıtıcı, Vs Adı Türkiye İş Bankası
Yayın, Dağıtım, Vb Tarihi 2002
300 ## - FİZİKSEL TANIM
Kapsam 208 s.
Diğer Fiziksel Ayrıntıları fotg.
Boyutlar 24 sm. + CD.
490 ## - SERİSİ TABLOSU
Seri Beyanı Edebiyat dizisi
Hacim / Ardışık Tanımı 229
490 ## - SERİSİ TABLOSU
Seri Beyanı Genel yayın
Hacim / Ardışık Tanımı 623
504 ## - KAYNAKÇA VB NOT
Kaynakça Vb Notu Dizin var.
600 ## - KONU KATMA GİRİŞ - KURUMSAL ADI
Kişisel Ad Arel, Bülent
Genel Alt Bölümü Yaşamöyküsü
650 ## - KONU KATMA GİRİŞ - TOPİKAL DÖNEM
Topikal Süreli Veya Coğrafi Ad Giriş Elemanı Elektro müzik
650 ## - KONU KATMA GİRİŞ - TOPİKAL DÖNEM
Topikal Süreli Veya Coğrafi Ad Giriş Elemanı Müzisyenler
Genel Alt Bölümü Yaşamöyküsü
942 ## - EKLENDİ GİRİŞ ELEMANLARI (KOHA)
Sınıflandırma Veya Raf Düzeni Kaynak Dewey Decimal Classification
Koha Öğesi Türü Books
999 ## - SİSTEM KONTROL NUMARALARI (KOHA)
Koha Biblionumber 4823
Koha Biblioitemnumber 4823
Holdings
Kalıcı Konum Mevcut Konum Edinme Tarihi Edinim Kaynak Toplam Check-Out'Lar Tam Çağrı Numarası Barkod Tarih Son Görülme İtibaren Geçerli Fiyatlar Koha Öğesi Türü
CHP Kütüphanesi CHP Kütüphanesi 09/02/2016 Bağış   927.8 Arel,B. A45e 2002 002854 09/02/2016 09/02/2016 Books